000
00290nam a22001337a 4500
008
181023b xxu||||| |||| 00| 0 eng d
020
_a
9780073221014
041
_a
eng
080
_a
330
100
_a
58
101
_a
BIZ
245
_a
Business Driven Technology
_c
Haag
942
_2
udc
_c
BK
999
_c
50618
_d
50618